|
|
|
|
| LEADER |
00000nmm0a2200000 4500 |
| 001 |
31530 |
| 005 |
20231030204514.0 |
| 010 |
|
|
|a 5845900999
|
| 035 |
|
|
|a (RuTPU)RU\TPU\book\31808
|
| 035 |
|
|
|a BOOK00000016
|
| 090 |
|
|
|a 31530
|
| 100 |
|
|
|a 20011209d2000 m y0rusy50 ca
|
| 101 |
1 |
|
|a rus
|c eng
|
| 102 |
|
|
|a RU
|
| 105 |
|
|
|a a j 001zy
|
| 200 |
1 |
|
|a Финансы
|e учебное пособие
|e пер. с англ.
|f Э. Боди, Р. К. Мертон
|
| 210 |
|
|
|a Москва
|c Вильямс
|d 2000
|
| 215 |
|
|
|a 592 с.
|c ил.
|e Приложение: CD-ROM
|
| 320 |
|
|
|a Библиогр.: с. 552-556.
|
| 320 |
|
|
|a Словарь терминов: с. 556-568.
|
| 320 |
|
|
|a Предм. указ.: с. 568-584.
|
| 610 |
1 |
|
|a финансы
|
| 610 |
1 |
|
|a финансовая система
|
| 610 |
1 |
|
|a деньги
|
| 610 |
1 |
|
|a активы
|
| 610 |
1 |
|
|a оценка
|
| 610 |
1 |
|
|a финансовые риски
|
| 610 |
1 |
|
|a управление
|
| 610 |
1 |
|
|a хеджирование
|
| 610 |
1 |
|
|a страхование
|
| 610 |
1 |
|
|a диверсификация
|
| 610 |
1 |
|
|a ценообразование
|
| 610 |
1 |
|
|a форвардные контракты
|
| 610 |
1 |
|
|a фьючерсные контракты
|
| 610 |
1 |
|
|a опционы
|
| 610 |
1 |
|
|a корпоративные финансы
|
| 610 |
1 |
|
|a учебные пособия
|
| 610 |
1 |
|
|a CD-ROM
|
| 686 |
|
|
|a У826я73
|v LBC/SL-A
|2 rubbk
|
| 700 |
|
1 |
|a Боди
|b Э.
|g Эви
|
| 701 |
|
1 |
|a Мертон
|b Р. К.
|g Роберт К.
|
| 801 |
|
0 |
|a RU
|b 63413507
|c 20011209
|g PSBO
|
| 801 |
|
2 |
|a RU
|b 63413507
|c 20150409
|g PSBO
|
| 942 |
|
|
|c MX
|